Informe regional: Producción agropecuaria, empleo, ingreso y migración. Pacífico Norte /
Bewaard in:
| Coauteurs: | , |
|---|---|
| Formaat: | Texto |
| Gepubliceerd in: |
San José :
IFAM. AITEC,
|
| Tags: |
Voeg label toe
Geen labels, Wees de eerste die dit record labelt!
|
MARC
| LEADER | 00000 a a2200000 04500 | ||
|---|---|---|---|
| 001 | 17017 | ||
| 003 | |||
| 040 | |||
| 020 | |a [sin ISBN] | ||
| 022 | |a [sin ISBN] | ||
| 090 | |a 0001 I59ip | ||
| 110 | |a Instituto de Fomento y Asesoría Municipal [Costa Rica] | ||
| 245 | |a Informe regional: Producción agropecuaria, empleo, ingreso y migración. Pacífico Norte / |c Instituto de Fomento y Asesoría Municipal [Costa Rica] | ||
| 260 | |a San José : |b IFAM. AITEC, | ||
| 300 | |a 17 p. | ||
| 710 | |a Acción Internacional Técnica, División de Acción Internacional | ||
| 999 | |c 9168 |d 9168 | ||
